[Event "Xtracon Grand Master 2015"]
[Site "Asgaard Skole, Koge"]
[Date "2015.10.17"]
[Round "7.31"]
[White "Andersen, Daniel"]
[Black "Nielsen, Kai Gylling"]
[Result "0-1"]
[WhiteElo "1869"]
[BlackElo "1755"]
[PlyCount "112"]
[EventDate "2015.??.??"]
[WhiteTeam "Frederikssund Skakklub"]
[BlackTeam "Roskilde Skakklub"]

1. c4 e5 2. Nc3 Nf6 3. Nf3 Nc6 4. e4 d6 5. d4 Bg4 6. d5 Nd4 7. Be3 Nxf3+ 8.
gxf3 Bh5 9. Bg2 Be7 10. Ne2 Nd7 11. Qd2 b6 12. f4 Bxe2 13. Qxe2 exf4 14. Bxf4
Ne5 15. Bg3 Ng6 16. f4 Bh4 17. Qg4 Bxg3+ 18. hxg3 Qf6 19. O-O-O b5 20. cxb5 Rb8
21. Qe2 O-O 22. Rd2 Rb6 23. Bf1 Rfb8 24. Qf2 Nf8 25. Rh2 Nd7 26. Qd4 Qe7 27.
Bc4 Nf6 28. e5 Ng4 29. Rhe2 dxe5 30. fxe5 Qg5 31. d6 cxd6 32. exd6 Nf6 33. Re7
Rd8 34. Rxf7 Kh8 35. d7 Rbb8 36. Qxa7 h5 37. Qd4 Qxg3 38. Rf2 Qg1+ 39. Kc2 Qg6+
40. Kb3 Rxb5+ 41. Bxb5 Qxf7+ 42. Kb4 Qe7+ 43. Qc5 Qxc5+ 44. Kxc5 Ne4+ 45. Kb6
Nxf2 46. a4 Ne4 47. a5 h4 48. Kc7 h3 49. Bc6 Rxd7+ 50. Kxd7 Nc5+ 51. Kc7 g5 52.
Kb6 g4 53. a6 Nxa6 54. Bd7 h2 55. Bc6 Nb4 56. Bg2 Nd3 0-1

[Event "Xtracon Grand Master 2015"]
[Site "Asgaard Skole, Koge"]
[Date "2015.10.17"]
[Round "7.33"]
[White "Stuhr, Finn"]
[Black "Stage-Steffensen, Sander"]
[Result "0-1"]
[WhiteElo "1753"]
[BlackElo "1515"]
[PlyCount "60"]
[EventDate "2015.??.??"]
[WhiteTeam "Køge Skakklub"]
[BlackTeam "Køge Skakklub"]

1. g3 d5 2. b3 e5 3. Bb2 Nc6 4. Nf3 Bd6 5. e3 Nf6 6. Bb5 Bg4 7. h3 Bxf3 8. Qxf3
a6 9. Bxc6+ bxc6 10. d3 Nd7 11. Nd2 Qf6 12. Qe2 Qe7 13. O-O-O Ba3 14. Kb1 Bxb2
15. Kxb2 a5 16. a4 Nc5 17. Ra1 O-O 18. Rhe1 Rfe8 19. Qg4 Qf6 20. f4 exf4+ 21.
d4 fxe3 22. Nf3 Re4 23. Qh5 Ne6 24. Ng1 Qxd4+ 25. Ka2 Rb8 26. Rad1 Qxa4+ 27.
Kb2 Nc5 28. Ne2 Rxb3+ 29. cxb3 Qxb3+ 30. Ka1 Ra4# 0-1

[Event "Xtracon Grand Master 2015"]
[Site "Asgaard Skole, Koge"]
[Date "2015.10.17"]
[Round "7.34"]
[White "Stage-Steffensen, Theo"]
[Black "Rendlev, Niels Møller"]
[Result "0-1"]
[WhiteElo "1033"]
[BlackElo "1777"]
[PlyCount "74"]
[EventDate "2015.??.??"]
[WhiteTeam "Køge Skakklub"]
[BlackTeam "Frederiksberg Skakforening"]

1. e4 Nf6 2. e5 Nd5 3. c4 Nb6 4. d4 d5 5. c5 N6d7 6. Nc3 e6 7. Bf4 Nc6 8. Bb5
Ne7 9. h3 c6 10. Bd3 Ng6 11. Bd2 Be7 12. Nce2 O-O 13. g4 Nh4 14. Ng3 b6 15. Qc1
bxc5 16. Bh6 Ng6 17. Nh5 cxd4 18. Nxg7 Ndxe5 19. Bb1 Bb4+ 20. Kd1 d3 21. Nh5
Ba6 22. Bxf8 Qxf8 23. Nf6+ Kh8 24. a3 Bc5 25. b4 Bd4 26. Ra2 Bc4 27. Rd2 Nf4
28. Ba2 Qe7 29. Bxc4 dxc4 30. Ne4 a5 31. bxa5 Rxa5 32. Ra2 Nd5 33. f4 Ne3+ 34.
Ke1 Qh4+ 35. Kd2 c3+ 36. Nxc3 Qf2+ 37. Nge2 N3c4+ 0-1

[Event "Xtracon Grand Master 2015"]
[Site "Asgaard Skole, Koge"]
[Date "2015.10.17"]
[Round "7.35"]
[White "Nielsen, Bjørn"]
[Black "Schjølin, John"]
[Result "1-0"]
[WhiteElo "1358"]
[BlackElo "1285"]
[PlyCount "133"]
[EventDate "2015.??.??"]
[WhiteTeam "Nørrebro Skakklub"]
[BlackTeam "Gribskov Skakklub"]

1. e4 e5 2. Nf3 d6 3. Bc4 h6 4. O-O Bg4 5. Be2 Nf6 6. Nc3 c5 7. Bb5+ Nc6 8. d3
Be7 9. Nd5 O-O 10. Ne3 Bh5 11. Nf5 Bg6 12. Ng3 d5 13. exd5 Nxd5 14. Re1 Bf6 15.
Bxc6 bxc6 16. Nxe5 Bxe5 17. Rxe5 Re8 18. Rxe8+ Qxe8 19. Bd2 f6 20. f3 Qd7 21.
Ne4 Qe7 22. Qf1 f5 23. Nc3 Ne3 24. Bxe3 Qxe3+ 25. Qf2 Qxf2+ 26. Kxf2 Rd8 27.
Re1 Re8 28. Rd1 Bf7 29. b3 g5 30. h3 Kg7 31. Na4 f4 32. Re1 c4 33. bxc4 h5 34.
Rxe8 Bxe8 35. c5 Bf7 36. a3 Ba2 37. Nc3 Be6 38. Ke2 Kf6 39. d4 Bc4+ 40. Kf2 h4
41. Ne4+ Kg6 42. c3 a5 43. Ke1 Bd3 44. Nf2 Bb5 45. Ng4 Kf5 46. Nh2 Ke6 47. Nf1
Bxf1 48. Kxf1 Kd5 49. Ke2 Kc4 50. Kd2 Kb3 51. Kd3 Kxa3 52. Kc4 Kb2 53. d5 a4
54. dxc6 a3 55. c7 a2 56. c8=Q a1=Q 57. Qb7+ Kc1 58. Qb3 Qa6+ 59. Kd5 Qd3+ 60.
Kc6 Kd2 61. Qd5 Kxc3 62. Qxd3+ Kxd3 63. Kd5 Ke3 64. Ke5 Kf2 65. Kf5 Kxg2 66.
Kg4 Kf2 67. c6 1-0